| 000 | 00762nam a22001937a 4500 | ||
|---|---|---|---|
| 999 |
_c342419 _d342419 |
||
| 003 | NUST | ||
| 005 | 20171227102524.0 | ||
| 008 | 150122b xxu||||| |||| 00| 0 eng d | ||
| 040 | _c0 | ||
| 082 | _a297.125 MAU | ||
| 100 |
_91233 _aMaududi, Abul Ala |
||
| 245 |
_aTafheem-ul-Quran Volume 2 - (Urdu) _cAbul Ala Maududi _b(Surah Al-Aaraf - Surah Bane-Israel) |
||
| 260 |
_aLahore: _bTarjaman ul Quran. _cc1999. |
||
| 300 |
_a712p. : _c28 cm. |
||
| 500 | _aH.B | ||
| 650 |
_xIslam _xHistory _96120 |
||
| 700 |
_91240 _aMoulana Jan Muhammad Bhutto _bTranslator (Sindhi) |
||
| 942 |
_2ddc _cBK _kIESE |
||